| 000 -LEADER |
| fixed length control field |
01747nam a2200253Ia 4500 |
| 001 - CONTROL NUMBER |
| control field |
23828 |
| 003 - CONTROL NUMBER IDENTIFIER |
| control field |
GE_BSU |
| 008 - FIXED-LENGTH DATA ELEMENTS--GENERAL INFORMATION |
| fixed length control field |
181216s||||||||xx |||||||||||||| ||und|| |
| 040 ## - CATALOGING SOURCE |
| Transcribing agency |
GE_BSU |
| 080 ## - UNIVERSAL DECIMAL CLASSIFICATION NUMBER |
| Universal Decimal Classification number |
930(479.22) |
| 100 ## - MAIN ENTRY--PERSONAL NAME |
| Personal name |
ჯავახიშვილი, ი. |
| 245 ## - TITLE STATEMENT |
| Title |
ისტორიის მიზანი, წყაროები და მეთოდები წინათ და ახლა. წ. 1 : ძველი ქართული საისტორიო მწერლობა (V-XVIII სს.). |
| 245 ## - TITLE STATEMENT |
| Statement of responsibility, etc. |
რედ. ს. ყაუხჩიშვილი |
| 250 ## - EDITION STATEMENT |
| Edition statement |
მე-2-3 შევსებული გამოცემა. |
| 260 ## - PUBLICATION, DISTRIBUTION, ETC. |
| Place of publication, distribution, etc. |
თბილისი |
| 260 ## - PUBLICATION, DISTRIBUTION, ETC. |
| Name of publisher, distributor, etc. |
სტალინის სახ. თბილ. სახელმწ. უნ-ტის გამ-ბა |
| 260 ## - PUBLICATION, DISTRIBUTION, ETC. |
| Date of publication, distribution, etc. |
1945 |
| 300 ## - PHYSICAL DESCRIPTION |
| Extent |
448 გვ. 22 სმ. |
| 300 ## - PHYSICAL DESCRIPTION |
| Accompanying material |
ბიბლიოგრ. ტექსტ. შენიშვნ.. ქარაგმიანი და შემოკლებული სიტყვების განმარტება: გვ. 9-10. დამატება-ახლად აღმოჩენილი ქართლის ცხოვრება: გვ. 380-404. - საკუთარ სახ. საძ.: გვ. 405-426. |
| 653 ## - INDEX TERM--UNCONTROLLED |
| Uncontrolled term |
ისტორიის მიზანი, წყაროები და მეთოდები წინათ და ახლა. წ. 1 : ძველი ქართული საისტორიო მწერლობა (V-XVIII სს.). |
| 653 ## - INDEX TERM--UNCONTROLLED |
| Uncontrolled term |
ძველი ქართული საისტორიო მწერლობა |
| 942 ## - ADDED ENTRY ELEMENTS (KOHA) |
| Koha item type |
წიგნი |